[Event "World Cup 2023 Open"]
[Site "Baku, Azerbaijan"]
[Date "????.??.??"]
[Round "33.10"]
[White "Sanal Vahap (TUR)"]
[Black "Ivanchuk Vasyl (UKR)"]
[Result "1/2-1/2"]
[WhiteFideId "6300545"]
[BlackFideId "14100010"]
[WhiteElo "2585"]
[BlackElo "2667"]

1. e4 {[%clk 00:10:18]} {[%emt 00:00:01]} e5 {[%clk 00:10:20]} 2. Nf3 {[%clk
00:10:26]} {[%emt 00:00:02]} Nf6 {[%clk 00:10:29]} {[%emt 00:00:01]} 3. d4
{[%clk 00:10:32]} {[%emt 00:00:04]} Nxe4 {[%clk 00:10:37]} {[%emt 00:00:02]} 4.
Bd3 {[%clk 00:10:40]} {[%emt 00:00:01]} d5 {[%clk 00:10:46]} {[%emt 00:00:01]}
5. Nxe5 {[%clk 00:10:47]} {[%emt 00:00:03]} Nd7 {[%clk 00:10:56]} {[%emt
00:00:01]} 6. Nc3 {[%clk 00:10:54]} {[%emt 00:00:04]} Nxe5 {[%clk 00:11:03]}
{[%emt 00:00:02]} 7. dxe5 {[%clk 00:11:02]} {[%emt 00:00:02]} Nxc3 {[%clk
00:11:12]} {[%emt 00:00:01]} 8. bxc3 {[%clk 00:11:09]} {[%emt 00:00:02]} Bc5
{[%clk 00:11:21]} {[%emt 00:00:02]} 9. Qh5 {[%clk 00:11:17]} {[%emt 00:00:02]}
g6 {[%clk 00:11:29]} {[%emt 00:00:02]} 10. Qh6 {[%clk 00:11:25]} {[%emt
00:00:01]} Bf8 {[%clk 00:11:34]} {[%emt 00:00:05]} 11. Qe3 {[%clk 00:11:33]}
{[%emt 00:00:02]} Be7 {[%clk 00:11:44]} {[%emt 00:00:01]} 12. Rb1 {[%clk
00:11:40]} {[%emt 00:00:02]} c6 {[%clk 00:11:35]} {[%emt 00:00:19]} 13. Qg3
{[%clk 00:11:09]} {[%emt 00:00:41]} h5 {[%clk 00:10:53]} {[%emt 00:00:53]} 14.
h3 {[%clk 00:11:09]} {[%emt 00:00:09]} b6 {[%clk 00:10:23]} {[%emt 00:00:41]}
15. O-O {[%clk 00:11:15]} {[%emt 00:00:03]} h4 {[%clk 00:09:51]} {[%emt
00:00:42]} 16. Qf3 {[%clk 00:11:04]} {[%emt 00:00:19]} Be6 {[%clk 00:10:00]}
{[%emt 00:00:02]} 17. c4 {[%clk 00:10:50]} {[%emt 00:00:24]} O-O {[%clk
00:10:03]} {[%emt 00:00:07]} 18. Bh6 {[%clk 00:10:04]} {[%emt 00:00:56]} Re8
{[%clk 00:10:12]} {[%emt 00:00:01]} 19. Rbd1 {[%clk 00:08:45]} {[%emt
00:01:28]} Bg5 {[%clk 00:10:14]} {[%emt 00:00:08]} 20. Bxg5 {[%clk 00:08:49]}
{[%emt 00:00:07]} Qxg5 {[%clk 00:10:23]} 21. Rfe1 {[%clk 00:08:47]} {[%emt
00:00:11]} Rad8 {[%clk 00:09:52]} {[%emt 00:00:41]} 22. cxd5 {[%clk 00:06:35]}
{[%emt 00:02:23]} Rxd5 {[%clk 00:09:30]} {[%emt 00:00:32]} 23. Qf6 {[%clk
00:05:48]} {[%emt 00:00:56]} Qxf6 {[%clk 00:09:26]} {[%emt 00:00:14]} 24. exf6
{[%clk 00:05:56]} {[%emt 00:00:02]} Red8 {[%clk 00:09:29]} {[%emt 00:00:06]} 25.
Rb1 {[%clk 00:05:49]} {[%emt 00:00:18]} g5 {[%clk 00:08:42]} {[%emt 00:00:57]}
26. Rb4 {[%clk 00:04:35]} {[%emt 00:01:24]} Rd4 {[%clk 00:08:20]} {[%emt
00:00:32]} 27. Rxd4 {[%clk 00:03:49]} {[%emt 00:00:56]} Rxd4 {[%clk 00:08:30]}
28. Re5 {[%clk 00:03:49]} {[%emt 00:00:09]} Rd5 {[%clk 00:08:30]} {[%emt
00:00:10]} 29. Rxd5 {[%clk 00:03:56]} {[%emt 00:00:03]} Bxd5 {[%clk 00:08:40]}
30. a3 {[%clk 00:04:05]} Kf8 {[%clk 00:08:47]} {[%emt 00:00:03]} 31. g3 {[%clk
00:03:38]} {[%emt 00:00:38]} Bf3 {[%clk 00:08:56]} 32. Bf5 {[%clk 00:03:25]}
{[%emt 00:00:22]} Ke8 {[%clk 00:09:04]} {[%emt 00:00:02]} 33. Kf1 {[%clk
00:03:24]} {[%emt 00:00:12]} Kd8 {[%clk 00:09:13]} {[%emt 00:00:01]} 34. Ke1
{[%clk 00:03:30]} {[%emt 00:00:03]} Kc7 {[%clk 00:09:21]} {[%emt 00:00:03]} 35.
Be6 {[%clk 00:02:19]} {[%emt 00:01:20]} Bh5 {[%clk 00:07:13]} {[%emt 00:02:18]}
36. Bb3 {[%clk 00:01:47]} {[%emt 00:00:43]} hxg3 {[%clk 00:06:19]} {[%emt
00:01:04]} 37. fxg3 {[%clk 00:01:56]} {[%emt 00:00:01]} Kd6 {[%clk 00:06:29]}
38. Kf2 {[%clk 00:00:44]} {[%emt 00:01:21]} Ke5 {[%clk 00:06:35]} {[%emt
00:00:04]} 39. Ke3 {[%clk 00:00:34]} {[%emt 00:00:20]} Kxf6 {[%clk 00:06:33]}
{[%emt 00:00:12]} 40. Ke4 {[%clk 00:00:15]} {[%emt 00:00:29]} Bg6+ {[%clk
00:05:20]} {[%emt 00:01:22]} 41. Kd4 {[%clk 00:00:24]} {[%emt 00:00:02]} Ke7
{[%clk 00:05:30]} 42. c3 {[%clk 00:00:12]} {[%emt 00:00:22]} Kd6 {[%clk
00:05:37]} {[%emt 00:00:02]} 43. Bd1 {[%clk 00:00:13]} {[%emt 00:00:09]} c5+
{[%clk 00:05:03]} {[%emt 00:00:45]} 44. Ke3 {[%clk 00:00:22]} Ke5 {[%clk
00:05:01]} {[%emt 00:00:13]} 45. h4 {[%clk 00:00:31]} {[%emt 00:00:01]} f6
{[%clk 00:04:38]} {[%emt 00:00:32]} 46. Be2 {[%clk 00:00:39]} {[%emt 00:00:01]}
Be4 {[%clk 00:04:31]} {[%emt 00:00:17]} 47. Bd1 {[%clk 00:00:15]} {[%emt
00:00:35]} a5 {[%clk 00:03:31]} {[%emt 00:01:10]} 48. Be2 {[%clk 00:00:23]}
{[%emt 00:00:02]} gxh4 {[%clk 00:03:37]} {[%emt 00:00:04]} 49. gxh4 {[%clk
00:00:31]} {[%emt 00:00:01]} f5 {[%clk 00:03:47]} {[%emt 00:00:01]} 50. Bb5
{[%clk 00:00:33]} {[%emt 00:00:08]} f4+ {[%clk 00:03:52]} {[%emt 00:00:05]} 51.
Kf2 {[%clk 00:00:41]} {[%emt 00:00:01]} Kf6 {[%clk 00:04:00]} {[%emt 00:00:02]}
52. Bd7 {[%clk 00:00:39]} {[%emt 00:00:12]} Bf5 {[%clk 00:04:00]} {[%emt
00:00:11]} 53. Bc6 {[%clk 00:00:37]} {[%emt 00:00:13]} Bg4 {[%clk 00:04:06]}
{[%emt 00:00:04]} 54. Bb5 {[%clk 00:00:20]} {[%emt 00:00:27]} Bh5 {[%clk
00:04:13]} {[%emt 00:00:02]} 55. Bc6 {[%clk 00:00:18]} {[%emt 00:00:12]} Kf5
{[%clk 00:04:17]} {[%emt 00:00:05]} 56. Bd7+ {[%clk 00:00:21]} {[%emt
00:00:07]} Ke4 {[%clk 00:04:18]} {[%emt 00:00:09]} 57. Bb5 {[%clk 00:00:13]}
{[%emt 00:00:19]} Bf7 {[%clk 00:02:13]} {[%emt 00:02:14]} 58. Be2 {[%clk
00:00:12]} {[%emt 00:00:12]} Be8 {[%clk 00:02:08]} {[%emt 00:00:14]} 59. Bg4
{[%clk 00:00:15]} {[%emt 00:00:07]} b5 {[%clk 00:01:44]} {[%emt 00:00:35]} 60.
h5 {[%clk 00:00:21]} {[%emt 00:00:03]} Ke5 {[%clk 00:01:33]} {[%emt 00:00:21]}
61. h6 {[%clk 00:00:25]} {[%emt 00:00:06]} Bg6 {[%clk 00:01:42]} {[%emt
00:00:02]} 62. Be2 {[%clk 00:00:29]} {[%emt 00:00:05]} b4 {[%clk 00:01:52]}
{[%emt 00:00:02]} 63. cxb4 {[%clk 00:00:38]} {[%emt 00:00:01]} cxb4 {[%clk
00:02:00]} {[%emt 00:00:01]} 64. axb4 {[%clk 00:00:47]} axb4 {[%clk 00:01:54]}
{[%emt 00:00:16]} 65. Bc4 {[%clk 00:00:55]} {[%emt 00:00:01]} Kf6 {[%clk
00:01:36]} {[%emt 00:00:29]} 66. Kf3 {[%clk 00:00:39]} {[%emt 00:00:26]} Kg5
{[%clk 00:01:43]} {[%emt 00:00:02]} 67. Bg8 {[%clk 00:00:47]} {[%emt 00:00:02]}
Kxh6 {[%clk 00:01:52]} {[%emt 00:00:02]} 68. Kxf4 {[%clk 00:00:54]} {[%emt
00:00:02]} 1/2-1/2

[Event "World Cup 2023 Open"]
[Site "Baku, Azerbaijan"]
[Date "????.??.??"]
[Round "34.6"]
[White "Svane Rasmus (GER)"]
[Black "Wang Hao (CHN)"]
[Result "1/2-1/2"]
[WhiteFideId "4657101"]
[BlackFideId "8602883"]
[WhiteElo "2625"]
[BlackElo "2709"]

1. Nf3 {[%clk 00:10:18]} d5 {[%clk 00:10:19]} {[%emt 00:00:03]} 2. g3 {[%clk
00:10:27]} {[%emt 00:00:01]} c5 {[%clk 00:10:22]} {[%emt 00:00:07]} 3. Bg2
{[%clk 00:10:34]} {[%emt 00:00:02]} Nc6 {[%clk 00:10:30]} {[%emt 00:00:02]} 4.
d4 {[%clk 00:10:43]} {[%emt 00:00:02]} Nf6 {[%clk 00:10:38]} {[%emt 00:00:03]}
5. O-O {[%clk 00:10:49]} {[%emt 00:00:03]} e6 {[%clk 00:10:46]} {[%emt
00:00:02]} 6. c4 {[%clk 00:10:58]} {[%emt 00:00:01]} dxc4 {[%clk 00:10:52]}
{[%emt 00:00:05]} 7. Qa4 {[%clk 00:11:06]} {[%emt 00:00:01]} Bd7 {[%clk
00:10:53]} {[%emt 00:00:09]} 8. Qxc4 {[%clk 00:11:15]} {[%emt 00:00:02]} cxd4
{[%clk 00:11:01]} {[%emt 00:00:02]} 9. Nxd4 {[%clk 00:11:23]} {[%emt 00:00:02]}
Rc8 {[%clk 00:11:09]} {[%emt 00:00:02]} 10. Nc3 {[%clk 00:11:30]} {[%emt
00:00:03]} Nxd4 {[%clk 00:11:12]} {[%emt 00:00:07]} 11. Qxd4 {[%clk 00:11:39]}
{[%emt 00:00:01]} Bc5 {[%clk 00:11:16]} {[%emt 00:00:05]} 12. Qh4 {[%clk
00:11:46]} {[%emt 00:00:03]} Bc6 {[%clk 00:10:34]} {[%emt 00:00:53]} 13. Bxc6+
{[%clk 00:09:11]} {[%emt 00:02:45]} Rxc6 {[%clk 00:10:41]} {[%emt 00:00:02]} 14.
Rd1 {[%clk 00:07:50]} {[%emt 00:01:32]} Qa5 {[%clk 00:10:44]} {[%emt 00:00:07]}
15. Bg5 {[%clk 00:07:57]} {[%emt 00:00:02]} Be7 {[%clk 00:10:47]} {[%emt
00:00:07]} 16. Rac1 {[%clk 00:07:40]} {[%emt 00:00:28]} Qe5 {[%clk 00:06:29]}
{[%emt 00:04:27]} 17. Bxf6 {[%clk 00:07:09]} {[%emt 00:00:41]} gxf6 {[%clk
00:05:53]} {[%emt 00:00:46]} 18. Qa4 {[%clk 00:06:29]} {[%emt 00:00:50]} a6
{[%clk 00:06:00]} {[%emt 00:00:04]} 19. Ne4 {[%clk 00:06:25]} {[%emt 00:00:13]}
O-O {[%clk 00:05:11]} {[%emt 00:00:59]} 20. Rxc6 {[%clk 00:06:25]} {[%emt
00:00:10]} bxc6 {[%clk 00:05:20]} {[%emt 00:00:02]} 21. Rd7 {[%clk 00:05:58]}
{[%emt 00:00:37]} f5 {[%clk 00:05:28]} {[%emt 00:00:02]} 22. Qxc6 {[%clk
00:03:42]} {[%emt 00:02:25]} Bb4 {[%clk 00:02:59]} {[%emt 00:02:39]} 23. a3
{[%clk 00:03:52]} {[%emt 00:00:01]} fxe4 {[%clk 00:02:37]} {[%emt 00:00:32]} 24.
axb4 {[%clk 00:03:59]} {[%emt 00:00:02]} e3 {[%clk 00:02:45]} {[%emt 00:00:01]}
25. Qc3 {[%clk 00:03:08]} {[%emt 00:01:01]} exf2+ {[%clk 00:02:53]} {[%emt
00:00:03]} 26. Kxf2 {[%clk 00:03:16]} {[%emt 00:00:02]} Qh5 {[%clk 00:02:58]}
{[%emt 00:00:04]} 27. h4 {[%clk 00:03:10]} {[%emt 00:00:16]} Rb8 {[%clk
00:02:43]} {[%emt 00:00:25]} 28. Qd4 {[%clk 00:02:51]} {[%emt 00:00:30]} Qf5+
{[%clk 00:02:41]} {[%emt 00:00:12]} 29. Kg2 {[%clk 00:02:50]} {[%emt 00:00:11]}
e5 {[%clk 00:02:38]} {[%emt 00:00:13]} 30. Qd6 {[%clk 00:02:37]} {[%emt
00:00:23]} Rc8 {[%clk 00:01:57]} {[%emt 00:00:50]} 31. Re7 {[%clk 00:02:23]}
{[%emt 00:00:25]} Qe4+ {[%clk 00:01:28]} {[%emt 00:00:39]} 32. Kf2 {[%clk
00:02:31]} {[%emt 00:00:02]} Qd4+ {[%clk 00:01:37]} {[%emt 00:00:02]} 33. Qxd4
{[%clk 00:02:37]} {[%emt 00:00:04]} exd4 {[%clk 00:01:45]} {[%emt 00:00:02]} 34.
Kf3 {[%clk 00:01:27]} {[%emt 00:01:20]} Rb8 {[%clk 00:01:46]} {[%emt 00:00:09]}
35. Ra7 {[%clk 00:01:04]} {[%emt 00:00:34]} Rxb4 {[%clk 00:01:53]} {[%emt
00:00:02]} 36. Rxa6 {[%clk 00:01:12]} {[%emt 00:00:02]} Rxb2 {[%clk 00:01:39]}
{[%emt 00:00:24]} 37. Rd6 {[%clk 00:01:03]} {[%emt 00:00:19]} Rb3+ {[%clk
00:01:35]} {[%emt 00:00:14]} 38. Kf2 {[%clk 00:01:10]} {[%emt 00:00:03]} Rb4
{[%clk 00:01:29]} {[%emt 00:00:16]} 39. Rd5 {[%clk 00:01:02]} {[%emt 00:00:18]}
Kg7 {[%clk 00:01:32]} {[%emt 00:00:06]} 40. Kf3 {[%clk 00:01:11]} {[%emt
00:00:01]} h6 {[%clk 00:01:29]} {[%emt 00:00:13]} 41. g4 {[%clk 00:01:19]}
{[%emt 00:00:03]} Rb3+ {[%clk 00:01:23]} {[%emt 00:00:16]} 42. Kf4 {[%clk
00:01:25]} {[%emt 00:00:03]} Rh3 {[%clk 00:01:28]} {[%emt 00:00:05]} 43. h5
{[%clk 00:01:28]} {[%emt 00:00:07]} Rh2 {[%clk 00:01:35]} {[%emt 00:00:03]} 44.
Re5 {[%clk 00:01:09]} {[%emt 00:00:29]} Rh3 {[%clk 00:01:24]} {[%emt 00:00:21]}
45. Rd5 {[%clk 00:00:45]} {[%emt 00:00:34]} Re3 {[%clk 00:01:25]} {[%emt
00:00:08]} 46. Re5 {[%clk 00:00:53]} {[%emt 00:00:02]} Rh3 {[%clk 00:01:33]}
{[%emt 00:00:02]} 47. Re4 {[%clk 00:00:47]} {[%emt 00:00:16]} d3 {[%clk
00:01:39]} {[%emt 00:00:04]} 48. exd3 {[%clk 00:00:38]} {[%emt 00:00:19]}
1/2-1/2

[Event "World Cup 2023 Open"]
[Site "Baku, Azerbaijan"]
[Date "????.??.??"]
[Round "34.7"]
[White "Dominguez Perez Leinier (USA)"]
[Black "Wojtaszek Radoslaw (POL)"]
[Result "1-0"]
[WhiteFideId "3503240"]
[BlackFideId "1118358"]
[WhiteElo "2739"]
[BlackElo "2676"]

1. e4 {[%clk 00:10:18]} {[%emt 00:00:01]} c5 {[%clk 00:10:19]} {[%emt
00:00:02]} 2. Nf3 {[%clk 00:10:26]} {[%emt 00:00:02]} d6 {[%clk 00:10:28]}
{[%emt 00:00:02]} 3. d4 {[%clk 00:10:35]} {[%emt 00:00:01]} cxd4 {[%clk
00:10:36]} {[%emt 00:00:02]} 4. Nxd4 {[%clk 00:10:43]} {[%emt 00:00:01]} Nf6
{[%clk 00:10:45]} {[%emt 00:00:02]} 5. Nc3 {[%clk 00:10:51]} {[%emt 00:00:02]}
a6 {[%clk 00:10:53]} {[%emt 00:00:02]} 6. Be3 {[%clk 00:10:59]} {[%emt
00:00:01]} e5 {[%clk 00:11:02]} {[%emt 00:00:02]} 7. Nf3 {[%clk 00:11:07]}
{[%emt 00:00:01]} Be7 {[%clk 00:11:08]} {[%emt 00:00:04]} 8. Bc4 {[%clk
00:11:16]} {[%emt 00:00:01]} O-O {[%clk 00:11:05]} {[%emt 00:00:13]} 9. Bb3
{[%clk 00:11:24]} {[%emt 00:00:02]} Nc6 {[%clk 00:10:30]} {[%emt 00:00:45]} 10.
Bg5 {[%clk 00:11:33]} {[%emt 00:00:02]} Nd7 {[%clk 00:09:53]} {[%emt 00:00:47]}
11. Bxe7 {[%clk 00:11:40]} {[%emt 00:00:02]} Qxe7 {[%clk 00:10:01]} {[%emt
00:00:02]} 12. Qd2 {[%clk 00:11:49]} {[%emt 00:00:01]} Nc5 {[%clk 00:09:54]}
{[%emt 00:00:17]} 13. O-O-O {[%clk 00:11:50]} {[%emt 00:00:09]} Nxb3+ {[%clk
00:09:41]} {[%emt 00:00:23]} 14. axb3 {[%clk 00:11:59]} {[%emt 00:00:02]} Rd8
{[%clk 00:09:50]} {[%emt 00:00:01]} 15. Nd5 {[%clk 00:11:36]} {[%emt 00:00:33]}
Qf8 {[%clk 00:09:59]} {[%emt 00:00:02]} 16. Nb6 {[%clk 00:11:44]} {[%emt
00:00:01]} Rb8 {[%clk 00:10:08]} {[%emt 00:00:01]} 17. Qe3 {[%clk 00:11:53]}
{[%emt 00:00:01]} f5 {[%clk 00:09:34]} {[%emt 00:00:43]} 18. Nxc8 {[%clk
00:10:21]} {[%emt 00:01:43]} Rbxc8 {[%clk 00:09:41]} {[%emt 00:00:03]} 19. Rd2
{[%clk 00:10:29]} {[%emt 00:00:02]} Nb4 {[%clk 00:06:22]} {[%emt 00:03:29]} 20.
Kb1 {[%clk 00:08:52]} {[%emt 00:01:46]} d5 {[%clk 00:05:42]} {[%emt 00:00:51]}
21. exf5 {[%clk 00:06:51]} {[%emt 00:02:11]} Re8 {[%clk 00:05:51]} {[%emt
00:00:01]} 22. Qg5 {[%clk 00:03:32]} {[%emt 00:03:29]} h6 {[%clk 00:04:58]}
{[%emt 00:01:03]} 23. Qg4 {[%clk 00:03:41]} d4 {[%clk 00:04:18]} {[%emt
00:00:49]} 24. Re1 {[%clk 00:03:50]} {[%emt 00:00:02]} Qc5 {[%clk 00:01:31]}
{[%emt 00:02:57]} 25. f6 {[%clk 00:03:58]} {[%emt 00:00:02]} Rc7 {[%clk
00:01:40]} {[%emt 00:00:01]} 26. Qg6 {[%clk 00:03:17]} {[%emt 00:00:51]} Rf7
{[%clk 00:01:22]} {[%emt 00:00:28]} 27. Rxd4 {[%clk 00:03:00]} {[%emt
00:00:27]} Qa5 {[%clk 00:01:06]} {[%emt 00:00:27]} 28. Rxb4 {[%clk 00:03:05]}
{[%emt 00:00:05]} Qxb4 {[%clk 00:01:14]} {[%emt 00:00:02]} 29. fxg7 {[%clk
00:02:31]} {[%emt 00:00:44]} e4 {[%clk 00:01:22]} {[%emt 00:00:02]} 30. Re3
{[%clk 00:02:16]} {[%emt 00:00:26]} Ree7 {[%clk 00:00:39]} {[%emt 00:00:53]} 31.
Qxh6 {[%clk 00:01:25]} {[%emt 00:01:00]} Rxg7 {[%emt 00:00:33]} 32. Ng5 {[%clk
00:01:03]} Re5 {[%clk 00:00:33]} {[%emt 00:00:25]} 33. f4 {[%clk 00:00:42]}
{[%emt 00:00:31]} Re8 {[%clk 00:00:15]} {[%emt 00:00:28]} 34. Qh5 {[%clk
00:00:24]} {[%emt 00:00:28]} Rd8 {[%clk 00:00:14]} {[%emt 00:00:11]} 35. Rxe4
{[%clk 00:00:20]} {[%emt 00:00:14]} Qa5 {[%clk 00:00:12]} {[%emt 00:00:12]} 36.
Re8+ {[%clk 00:00:25]} {[%emt 00:00:04]} 1-0